<?xml version="1.0" encoding="UTF-8"?>
<marc:record xmlns:marc="http://www.loc.gov/MARC21/slim">
   <marc:leader>00000nam a2200000 a 4500</marc:leader>
   <marc:datafield ind1="1" ind2=" " tag="100">
      <marc:subfield code="a">Möller, Anne</marc:subfield>
      <marc:subfield code="4">aut</marc:subfield>
      <marc:subfield code="e">Verfasser/-in</marc:subfield>
   </marc:datafield>
   <marc:datafield ind1=" " ind2=" " tag="653">
      <marc:subfield code="a">Katze</marc:subfield>
   </marc:datafield>
   <marc:datafield ind1=" " ind2=" " tag="653">
      <marc:subfield code="a">Kind</marc:subfield>
   </marc:datafield>
   <marc:datafield ind1=" " ind2=" " tag="653">
      <marc:subfield code="a">Softcover</marc:subfield>
   </marc:datafield>
   <marc:datafield ind1=" " ind2=" " tag="653">
      <marc:subfield code="a">Karte</marc:subfield>
   </marc:datafield>
   <marc:datafield ind1=" " ind2=" " tag="653">
      <marc:subfield code="a">Jugendbuch / Bilderbücher</marc:subfield>
   </marc:datafield>
   <marc:datafield ind1=" " ind2=" " tag="653">
      <marc:subfield code="a">Sachbilderbuch</marc:subfield>
   </marc:datafield>
   <marc:datafield ind1="0" ind2="0" tag="245">
      <marc:subfield code="a">Minka</marc:subfield>
   </marc:datafield>
   <marc:datafield ind1="0" ind2="0" tag="245">
      <marc:subfield code="b">wie Katzen und Kinder gut zusammenleben</marc:subfield>
   </marc:datafield>
   <marc:datafield ind1="0" ind2="0" tag="245">
      <marc:subfield code="c">Anne Möller</marc:subfield>
   </marc:datafield>
   <marc:datafield ind1=" " ind2="1" tag="264">
      <marc:subfield code="a">Zürich</marc:subfield>
      <marc:subfield code="b">Atlantis</marc:subfield>
      <marc:subfield code="c">2007</marc:subfield>
   </marc:datafield>
   <marc:datafield ind1="1" ind2=" " tag="490">
      <marc:subfield code="a">Atlantis-Thema</marc:subfield>
   </marc:datafield>
   <marc:datafield ind1="1" ind2=" " tag="520">
      <marc:subfield code="a">Angaben aus der Verlagsmeldung

Minka : Wie Katzen und Kinder gut zusammenleben / von Anne Möller

Minka ist auf einem Bauernhof geboren worden. Zum Glück kommen bald schon regelmäßig Kinder vorbei, die sie streicheln und mit ihr spielen. So fällt es ihr leichter, in der Wohnung bei Jan und Lena heimisch zu werden. Dennoch muss Minka vieles lernen. Und noch mehr müssen die Kinder lernen, denn neben Spielen und Herumschmusen mit Minka haben sie auch die Aufgabe, die Bedürfnisse einer Katze zu verstehen, um Futter und Gesundheit besorgt zu sein.
Das Sachbilderbuch erzählt in einer alltäglichen Geschichte, was Katze und Kinder miteinander teilen. Aber auch Minkas Streifzüge in der Nachbarschaft, die Begegnung mit einem Hund und ihr Aufenthalt im Tierheim werden erläutert.
Im Begleitheft geben Fachleute Tipps und Hintergrundinformationen über Katzenhaltung. Sie zeigen, was Kinder für ihren Liebling selbst basteln können, und helfen mit Spielimpulsen, Erlebniswelt und Reaktionen von Katzen besser zu verstehen.
</marc:subfield>
   </marc:datafield>
   <marc:datafield ind1=" " ind2=" " tag="020">
      <marc:subfield code="a">9783715205380</marc:subfield>
      <marc:subfield code="9">9783715205380</marc:subfield>
   </marc:datafield>
   <marc:datafield ind1=" " ind2=" " tag="020">
      <marc:subfield code="a">3715205385</marc:subfield>
      <marc:subfield code="9">3715205385</marc:subfield>
   </marc:datafield>
   <marc:datafield ind1=" " ind2=" " tag="041">
      <marc:subfield code="a">ger</marc:subfield>
   </marc:datafield>
   <marc:datafield ind1=" " ind2=" " tag="300">
      <marc:subfield code="a">25] S.</marc:subfield>
   </marc:datafield>
</marc:record>
